000 00656nam a2200229 i 4500
001 47696
003 ES-MaACL
005 20230906161619.0
007 t|
008 030519s2001 sp ||||0| spa j
020 _a84-88667-73-6
040 _aM-BN
_bspa
_cM-BN
080 _a621.38.037.37(075.8)
245 0 0 _aElectrónica digital /
_cJ. Mira Mira ... [et al.].
250 _a2ª ed, 1ª reimp.
260 _aMadrid :
_bSanz y Torres,
_c2001.
300 _aXII, 734 p ;
_c24 cm.
504 _aBibliografía.
650 0 4 _aElectrónica digital.
_912167
700 1 _aMira, J. (
_qJosé Mira Mira)
_981445
852 _aES-MaACL
_jL-26343
_bR.132138
999 _c47696
_d47696